| 000 | 01399cam a2200385 i 4500 | ||
|---|---|---|---|
| 001 | 1671998 | ||
| 003 | ARRUPE | ||
| 005 | 20150106133653.0 | ||
| 008 | 751014s1975 enk b 000 0 eng | ||
| 010 | _a 75326551 //r954 | ||
| 015 | _aGB75-12317 | ||
| 020 |
_a0435901672 : _c£0.90 |
||
| 035 | _a(OCoLC)ocm16720422 | ||
| 035 | _a(NNC)1671998 | ||
| 040 |
_aDLC _cDLC _dUKM _dZCU |
||
| 041 | 0 | _aengfremla | |
| 050 | 0 | 0 |
_aPR9408.M31 _bR31T7 |
| 082 | 0 | 0 | _a841 |
| 100 | 1 |
_aRabearivelo, Jean-Joseph, _d1901-1937. _913302 |
|
| 245 | 1 | 0 |
_aTranslations from the night : _bselected poems of Jean-Joseph Rabearivelo / _cedited with English translations by John Reed and Clive Wake. |
| 260 |
_aLondon : _bHeinemann Educational, _c1975. |
||
| 300 |
_axxii, 73 p. ; _c19 cm. |
||
| 490 | 1 |
_aAfrican writers series ; _v167 |
|
| 500 | _aEnglish and French or Malagasy parallel text. | ||
| 504 | _aBibliography: p. xxi-xxii. | ||
| 600 | 1 | 0 |
_aRabearivelo, Jean-Joseph, _d1901-1937 _vTranslations into English. _913303 |
| 650 | 0 |
_aMalagasy poetry (French) _vTranslations into English. _913304 |
|
| 651 | 0 |
_aMadagascar _vPoetry. _913305 |
|
| 653 |
_aPoetry in French _aAfrican writers, 1900-1945 French-English parallel texts |
||
| 700 |
_aReed, John(tr.) _913524 |
||
| 700 |
_aWake, Clive (tr.) _913525 |
||
| 830 | 0 |
_aAfrican writers series ; _v167. _93197 |
|
| 942 |
_2lcc _cMONOGRAPH |
||
| 999 |
_c121464 _d121464 |
||